| 000 | 00595cam a2200217 4500500 | ||
|---|---|---|---|
| 005 | 20260405002929.0 | ||
| 041 | _afre | ||
| 042 | _adc | ||
| 100 | 1 | 0 |
_aEnjalbert, Cédric _eauthor |
| 245 | 0 | 0 | _aMix cité |
| 260 | _c2019. | ||
| 500 | _a96 | ||
| 690 | _aÉnéide | ||
| 690 | _aExil | ||
| 690 | _aHomère | ||
| 690 | _aKevin Keiss | ||
| 690 | _aMaëlle Poésy | ||
| 690 | _aOdyssée | ||
| 786 | 0 | _nPhilosophie magazine | 131 | 7 | 2019-07-01 | p. 59-59 | 1951-1787 | |
| 856 | 4 | 1 | _uhttps://shs.cairn.info/magazine-philosophie-magazine-2019-7-page-59?lang=fr&redirect-ssocas=7080 |
| 999 |
_c2062648 _d2062648 |
||